Štatistické zprávy Statistische Berichte

Salvato in:
Dettagli Bibliografici
Natura: Periodico
Lingua:slovacco
Pubblicazione: Bratislava Štátny štatistický úrad
Tags: Aggiungi Tag
Nessun Tag, puoi essere il primo ad aggiungerne!!

MARC

LEADER 00000nas1a2200000$$$4500
001 0021755
005 20250730114822.5
041 0 |a slo 
044 |a SK 
245 1 0 |a Štatistické zprávy  |b Statistische Berichte 
264 1 |a Bratislava  |b Štátny štatistický úrad